000 01231nam a2200325 4500
001 178450
003 ES-MaACL
005 20251003063154.0
008 110530s2009 sp |||| |dspa d
020 _a978-84-8307-889-1
080 _a323.281(460)"1939/75"
080 _a342.727(460)
080 _a347.121.1(460)
080 _a94(460)"1939/75":930.1
100 1 _aEspinosa Maestre, Francisco,
_d1954-
_947916
245 1 0 _aCallar al mensajero :
_bla represión franquista, entre la libertad de información y el derecho al honor /
_cFrancisco Espinosa Maestre ; [prólogo de Rafael Escudero Alday].
250 _a1ª ed.
260 _aBarcelona :
_bPenínsula,
_c2009.
300 _a252 p. ;
_c21 cm.
490 1 _aAtalaya ;
_v360
650 4 _aRepresión política-
_zEspaña-
_y1939-1975.
_9145752
650 4 _aLibertad de información-
_zEspaña.
_914409
650 _aJuicios sobre el honor-
_zEspaña.
_9146808
651 4 _aEspaña-
_xHistoria-
_y1939-1975, Dictadura-
_vHistoriografía.
_9146809
700 1 _aEscudero Alday, Rafael.
_947699
830 1 _aAtalaya ;
_v360
_9180261
852 4 _aES-MaACL
_jA-11259
_9185310
_bR.145735
_cDEPO1
_dOlim: N-4263
942 _2udc
999 _c178450
_d178450